[Event "Leipzig VfB op 21st"]
[Site "Leipzig"]
[Date "2014.03.05"]
[Round "3"]
[White "Fischer, Lutz"]
[Black "Pohl, Gunnar"]
[Result "0-1"]
[WhiteElo "1694"]
[BlackElo "1928"]
[PlyCount "100"]
[EventDate "2014.03.04"]
[EventType "tourn"]
[EventRounds "9"]
[EventCountry "GER"]
[SourceTitle "CBM 159 Extra"]
[Source "ChessBase"]
[SourceDate "2014.04.24"]
[SourceVersion "1"]
[SourceVersionDate "2014.04.24"]
[SourceQuality "1"]

1. e4 e5 2. Nf3 Nc6 3. Bb5 a6 4. Ba4 Nf6 5. d3 d6 6. 0-0 Be7 7. c3 0-0 8. Re1 Bg4 9. Nbd2 b5 10. Bc2 Re8 11. h3 Bd7 12. d4 Bf8 13. Nf1 g6 14. Bg5 Bg7 15. Qd2 Na5 16. b3 Qc8 17. Rad1 exd4 18. cxd4 Nb7 19. Ng3 a5 20. Qf4 Nh5 21. Nxh5 gxh5 22. Qh4 c5 23. d5 c4 24. Qxh5 cxb3 25. Bxb3 a4 26. Rc1 Nc5 27. Bc2 b4 28. e5 Bf5 29. Bf6 Bg6 30. Bxg6 fxg6 31. Qh4 Qb8 32. Bxg7 Kxg7 33. Qf6+ Kg8 34. Red1 b3 35. axb3 axb3 36. e6 Ra7 37. Rb1 Qd8 38. Qxd8 Rxd8 39. Nd4 Rb7 40. Rb2 Kg7 41. Rdb1 Kf6 42. f3 Ra8 43. Nxb3 Rab8 44. Nxc5 Rxb2 45. Ne4+ Ke7 46. Rc1 Rb1 47. Rxb1 Rxb1+ 48. Kf2 Rb5 49. Ng5 Rxd5 50. Nxh7 Rh5 0-1